banner koha

Herniorrafia diafragmática videoassistida em gato: relato de caso (Registro n. 300416)

MARC details
000 -LÍDER
fixed length control field 03130nab a2200373 i 4500
003 - CÓDIGO MARC DA AGÊNCIA CATALOGADORA
Campo de controle BR-BrBNA
005 - DATA E HORA DA ÚLTIMA ATUALIZAÇÃO
Campo de controle 20240705114611.0
008 - CAMPO DE TAMANHO FIXO
fixed length control field 240705b2017 bl.|r|pooa||| 00| 0 por |
040 ## - FONTE DA CATALOGAÇÃO
Agência catalogadora BR-BrBNA
Idioma da catalogação por
072 ## - CATEGORIA AGRIS
Código AGRIS L74
Código do objeto 5500
072 ## - CATEGORIA AGRIS
Código AGRIS L70
100 ## - ENTRADA PRINCIPAL - NOME PESSOAL
Nome pessoal Copat, B.
100 ## - ENTRADA PRINCIPAL - NOME PESSOAL
Nome pessoal Bertoletti, B.
100 ## - ENTRADA PRINCIPAL - NOME PESSOAL
Nome pessoal Chaves, R.O.
100 ## - ENTRADA PRINCIPAL - NOME PESSOAL
Nome pessoal Feranti, J.P.S.
100 ## - ENTRADA PRINCIPAL - NOME PESSOAL
Nome pessoal Coradini, G.
100 ## - ENTRADA PRINCIPAL - NOME PESSOAL
Nome pessoal Hartmann, H.F.
100 ## - ENTRADA PRINCIPAL - NOME PESSOAL
Nome pessoal Corrêa, L.F.D.
100 ## - ENTRADA PRINCIPAL - NOME PESSOAL
Nome pessoal Brun, M.V.
245 ## - TÍTULO PRINCIPAL
Título principal Herniorrafia diafragmática videoassistida em gato: relato de caso
500 ## - NOTA GERAL
Nota geral Publicação online; 12 ref.; 4 illus.; Summaries (En, Pt)
942 ## - ADDED ENTRY ELEMENTS (KOHA)
Koha item type
520 ## - NOTA DE RESUMO
Nota de conteúdo <br/><br/>RESUMO - Relata-se um caso de um felino com sinais de dificuldade respiratória havia cerca de 30 dias e emagrecimento progressivo. Ao exame radiográfico torácico e de abdômen, ficou evidenciada perda de definição da linha diafragmática, sendo compatível com hérnia diafragmática. Na laparoscopia, foi observado grande defeito diafragmático, além de estruturas herniadas. Em razão de as vísceras abdominais direcionarem-se ao tórax, dificultando a oclusão do defeito com suturas intracorpóreas, optou-se pela realização de incisão paracostal, procedendo-se à herniorrafia por celiotomia reduzida. A videolaparoscopia permitiu localizar o local herniado e promover a redução dos órgãos envolvidos com mínimo trauma operatório. Logo, mostrou-se como eficaz ferramenta diagnóstica e auxiliar no tratamento de hérnias diafragmáticas crônicas de grande dimensão em gato.<br/><br/><br/>Palavras-chave: felino, hérnia diafragmática, cirurgia minimamente invasiva
520 ## - NOTA DE RESUMO
Nota de conteúdo <br/><br/>ABSTRACT - This is a case report of a cat with signs of respiratory distress for about 30 days and progressive weight loss. The thoracic radiograph and abdomen examination evidencing loss of definition of the diaphragmatic line is compatible with diaphragmatic hernia. In laparoscopy, a large diaphragmatic defect and herniated structures were observed. Since abdominal viscera point towards the chest making occlusion of defective intracorporeal sutures difficult, paracostal incision proceeding to hernia repair by short celiotomy was chosen. Laparoscopy allows for location of herniated place and promotes the reduction of organs involved with minimal surgical trauma. Therefore, it was shown to be an effective diagnostic tool and an aid in the treatment of chronic diaphragmatic hernias of large size in a cat.<br/><br/><br/>Keywords: feline, diaphragmatic hernia, minimally invasive surgery
650 ## - ASSUNTO - THESAGRO
Cabeçalho tópico ou nome geográfico GATO
650 ## - ASSUNTO - THESAGRO
Cabeçalho tópico ou nome geográfico RADIOGRAFIA
650 ## - ASSUNTO - THESAGRO
Cabeçalho tópico ou nome geográfico DIAGNÓSTICO
650 ## - ASSUNTO - THESAGRO
Cabeçalho tópico ou nome geográfico HÉRNIA
650 ## - ASSUNTO - THESAGRO
Cabeçalho tópico ou nome geográfico LAPAROSCOPIA
650 ## - ASSUNTO - THESAGRO
Cabeçalho tópico ou nome geográfico DISTÚRBIO FISIOLÓGICO
773 0# - ENTRADA ANALÍTICA
Host Biblionumber 1643
Registro do item 316242
Imprenta Belo Horizonte-MG Universidade Federal de Minas Gerais - Escola de Veterinaria 1983
Outro identificador 2024-2643
Título Arquivo Brasileiro de Medicina Veterinária e Zootecnia (Brazil)
ISSN 0102-0935
Colação v. 69(4) p. 883-888; (2017)
Número de controle de registro BR2024001651
856 ## - ACESSO E ENDEREÇO ELETRÔNICO
Identificador uniforme de recurso - URI https://www.scielo.br/j/abmvz/a/KqBLCdrnjXXPC4p3BkZdfDq/?format=pdf&lang=pt

Nenhum exemplar disponível.

BINAGRI

Telefone: (61)3218-2567/2388/3357/2097 - binagri@agro.gov.br

Ministério da Agricultura e Pecuária , Esplanada dos Ministérios, Bloco D, Anexo B, Brasília/DF, CEP: 70.043-900